<?xml version="1.0" encoding="UTF-8"?>
<record
    xmlns:xsi="http://www.w3.org/2001/XMLSchema-instance"
    xsi:schemaLocation="http://www.loc.gov/MARC21/slim http://www.loc.gov/standards/marcxml/schema/MARC21slim.xsd"
    xmlns="http://www.loc.gov/MARC21/slim">

  <leader>01868cam a22003135a 4500</leader>
  <controlfield tag="001">17653261</controlfield>
  <controlfield tag="005">20150921152556.0</controlfield>
  <controlfield tag="008">130308t2014    paua   frbd   001 0 eng d</controlfield>
  <datafield tag="020" ind1=" " ind2=" ">
    <subfield code="a">9780803637047 (hbk. : alk. paper)</subfield>
  </datafield>
  <datafield tag="040" ind1=" " ind2=" ">
    <subfield code="a">DNLM/DLC</subfield>
    <subfield code="c">DLC</subfield>
    <subfield code="d">DLC</subfield>
    <subfield code="d">EG-ScBUE</subfield>
    <subfield code="b">eng</subfield>
  </datafield>
  <datafield tag="050" ind1="0" ind2="0">
    <subfield code="a">RG951</subfield>
    <subfield code="b">.D87 2010</subfield>
  </datafield>
  <datafield tag="082" ind1="0" ind2="4">
    <subfield code="a">618.20231</subfield>
    <subfield code="2">22</subfield>
    <subfield code="b">DUR</subfield>
  </datafield>
  <datafield tag="100" ind1="1" ind2=" ">
    <subfield code="a">Durham, Roberta F.</subfield>
    <subfield code="9">38434</subfield>
  </datafield>
  <datafield tag="245" ind1="1" ind2="0">
    <subfield code="a">Maternal-newborn nursing :</subfield>
    <subfield code="b">the critical components of nursing care /</subfield>
    <subfield code="c">Roberta F. Durham, Linda Chapman.</subfield>
  </datafield>
  <datafield tag="250" ind1=" " ind2=" ">
    <subfield code="a">2nd ed.</subfield>
  </datafield>
  <datafield tag="260" ind1=" " ind2=" ">
    <subfield code="a">Philadelphia :</subfield>
    <subfield code="b">F. A. Davis Company,</subfield>
    <subfield code="c">c.2014.</subfield>
  </datafield>
  <datafield tag="300" ind1=" " ind2=" ">
    <subfield code="a">xxiv, 578 p. :</subfield>
    <subfield code="b">ill. (col.) ;</subfield>
    <subfield code="c">29 cm .</subfield>
  </datafield>
  <datafield tag="500" ind1=" " ind2=" ">
    <subfield code="a">Index : p. 569-578.
</subfield>
  </datafield>
  <datafield tag="500" ind1=" " ind2=" ">
    <subfield code="a">Glossary : p. 551-578.
</subfield>
  </datafield>
  <datafield tag="500" ind1=" " ind2=" ">
    <subfield code="a">Rev. ed. of: Maternal-newborn nursing / Linda Chapman, Roberta F. Durham. c2010.</subfield>
  </datafield>
  <datafield tag="504" ind1=" " ind2=" ">
    <subfield code="a">Includes bibliographical references.</subfield>
  </datafield>
  <datafield tag="505" ind1="0" ind2=" ">
    <subfield code="a">Trends and issues -- Ethics and standards of practice issues -- Genetics, conception, fetal development, and reproductive technology -- Physiological aspects of antepartum care -- The psycho-social-cultural aspects of the antepartum period -- Antepartal tests -- High-risk antepartum nursing care -- Intrapartum assessment and interventions -- Fetal heart rate assessment -- High-risk labor and birth -- Intrapartum and postpartum care of the cesarean birth families -- Postpartum physiological assessments and nursing care -- Transition to parenthood -- High-risk postpartum nursing care -- Physiological and behavioral responses of the neonate -- Discharge planning and teaching -- High-risk neonatal nursing care -- Well women's health -- Alterations in women's health.</subfield>
  </datafield>
  <datafield tag="650" ind1=" " ind2="7">
    <subfield code="a">Maternal-Child Nursing.</subfield>
    <subfield code="2">BUEsh</subfield>
    <subfield code="9">12164</subfield>
  </datafield>
  <datafield tag="650" ind1=" " ind2="0">
    <subfield code="a">Perinatal Care.</subfield>
    <subfield code="2">BUEsh</subfield>
  </datafield>
  <datafield tag="651" ind1=" " ind2=" ">
    <subfield code="2">BUEsh</subfield>
  </datafield>
  <datafield tag="653" ind1=" " ind2=" ">
    <subfield code="b">NNUR</subfield>
    <subfield code="c">July2015</subfield>
    <subfield code="c">September2015</subfield>
  </datafield>
  <datafield tag="700" ind1="1" ind2=" ">
    <subfield code="a">Chapman, Linda,</subfield>
    <subfield code="d">1949-</subfield>
  </datafield>
  <datafield tag="942" ind1=" " ind2=" ">
    <subfield code="2">ddc</subfield>
  </datafield>
  <datafield tag="999" ind1=" " ind2=" ">
    <subfield code="c">20215</subfield>
    <subfield code="d">20187</subfield>
  </datafield>
  <datafield tag="952" ind1=" " ind2=" ">
    <subfield code="0">0</subfield>
    <subfield code="1">0</subfield>
    <subfield code="2">ddc</subfield>
    <subfield code="4">0</subfield>
    <subfield code="7">0</subfield>
    <subfield code="8">Baccah</subfield>
    <subfield code="a">MAIN</subfield>
    <subfield code="b">MAIN</subfield>
    <subfield code="c">1ST</subfield>
    <subfield code="d">2015-07-06</subfield>
    <subfield code="e">Purchase</subfield>
    <subfield code="g">467.00</subfield>
    <subfield code="h">22353</subfield>
    <subfield code="l">3</subfield>
    <subfield code="m">47</subfield>
    <subfield code="o">618.20231 DUR</subfield>
    <subfield code="p">000039347</subfield>
    <subfield code="r">2025-07-15 00:00:00</subfield>
    <subfield code="s">2020-09-09</subfield>
    <subfield code="v">584.00</subfield>
    <subfield code="y">BB</subfield>
  </datafield>
</record>
